LEADER 00958nam0 2200277 450 001 000000511 005 20050630115100.0 100 $a--------d1979----km-y0itay50------ba 101 1 $aita 102 $aIT 200 1 $aStoria economica dell'Europa continentale$e1850-1914$fAlan S. Milward, S. Berrick Saul 210 $aBologna$cIl Mulino$d1979c 215 $a808 p., [9] p. di tav.$d21 cm 225 2 $aNuova collana storica 304 $aTit. orig.: The development of the economies of continental Europe 1850-1914 314 $aTrad. di Emanuele Barié 410 0$12001$aNuova collana storica 610 1 $aEuropa$aEconomia$aStoria$a1850-1914 676 $a330.94 700 1$aMilward,$bAlan S.$0121406 701 1$aSaul,$bS. Berrick$0629949 801 0$aIT $bUNIPARTHENOPE $gRICA $2UNIMARC 912 $a000000511 951 $cNAVA1$a330-S/59$b30766$d20000128 996 $aStoria economica dell'Europa continentale$91223306 997 $aUNIPARTHENOPE LEADER 01322nam2 22003253i 450 001 RAV0230137 005 20231121125639.0 100 $a19991004d1989 ||||0itac50 ba 101 | $aita$alat 102 $ait 181 1$6z01$ai $bxxxe 182 1$6z01$an 200 0 $a2$fPublio Terenzio Afro 210 $aMilano$cGarzanti$d[1989] 215 $aP. 390-747$d18 cm 300 $aContiene: Formione, La suocera, I fratelli. 461 1$1001CFI0165640$12001 $a˜Le œcommedie$fPublio Terenzio Afro$gintroduzione e traduzione di Ferruccio Bertini e Vico Faggi$gnote di Guido Reverdito$v2 700 1$aTerentius Afer$b, Publius$3CFIV069531$4070$0439355 790 1$aTerentius$b, Publius Afer$3CAGV024322$zTerentius Afer, Publius 790 0$aTerenzio$3CFIV069532$zTerentius Afer, Publius 790 1$aTerenzio Afro$b, Publio$3CFIV069535$zTerentius Afer, Publius 801 3$aIT$bIT-01$c19991004 850 $aIT-RM0211 $aIT-FR0017 899 $aFondazione Marco Besso$bRM0211 899 $aBiblioteca umanistica Giorgio Aprea$bFR0017 912 $aRAV0230137 950 2$aBiblioteca umanistica Giorgio Aprea$d 52MAG 7/1708.2$e 52FLS0000158095 VMN RS $fA $h20140613$i20140613 977 $a 14$a 52 996 $a2$91647525 997 $aUNICAS LEADER 00930nam0 22002651i 450 001 RML0257511 005 20231121125716.0 010 $a8814030456 100 $a20121121d1991 ||||0itac50 ba 101 | $aita 102 $ait 181 1$6z01$ai $bxxxe 182 1$6z01$an 200 1 $a˜Le œassicurazioni marittime dei rischi di guerra 210 $aMilano $cGiuffre' $d1991 606 $aDiritto civile$2FIR$3RMLC064440$9I 700 1$aBalestra$b, Nicola$3RMLV165494$0231085 801 3$aIT$bIT-01$c20121121 850 $aIT-FR0098 899 $aBiblioteca Area Giuridico Economica$bFR0098 912 $aRML0257511 950 0$aBiblioteca Area Giuridico Economica$d 53DSG 11/0325$e 53VM 0000284585 VM barcode:GIU0006515. - Inventario:9927VM$fA $h20010423$i20121204 977 $a 53 996 $aAssicurazioni marittime dei rischi di guerra$963919 997 $aUNICAS